| 000 | 00606 a2200193 4500 | ||
|---|---|---|---|
| 020 | _a0256182981 | ||
| 040 |
_aDLC _bDLC |
||
| 082 | 0 | 0 | _a005.1 |
| 100 | 1 | _aSchach, Stephen R. | |
| 245 | 1 | 0 |
_aClassical and object-oriented software engineering _cStephen R. Schach. |
| 250 | _a3rd ed. | ||
| 260 |
_aChicago : _bIrwin, _cc1996. |
||
| 300 |
_axx, 603 p. : _bill. ; _c24 cm. |
||
| 500 | _aPrevious eds. published under title: Software engineering. | ||
| 650 | 0 | _aSoftware engineering. | |
| 650 | 0 | _aObject-oriented programming (Computer science) | |
| 700 | 1 | _aSchach, Stephen R. | |
| 942 |
_cBK _k005.1 SCH _2ddc |
||
| 999 |
_c5751 _d5751 |
||